Le plus grand en Afrique - Statistiques

Statistiques générales
  • Ce quiz a été pris 330 fois
  • Le résultat moyen est 41 sur 60
Statistiques - réponses
Kkkk % Correct
Capitale Alger
100%
Pop Afrique du Sud
96%
Visité Afrique du Sud
96%
Jetpunk Afrique du Sud
96%
Grand RD Congo
96%
Pop RD Congo
96%
Grand Algerie
95%
Visité Algerie
95%
Heureux Algerie
95%
Pop Egypte
95%
Jetpunk Egypte
95%
Jetpunk Niger
94%
Rivières Niger
94%
Rivières Congo
93%
Pop Nigeria
93%
Visité Maroc
92%
Heureux Maroc
92%
Jetpunk Maroc
92%
Grand Soudan
91%
Grand Libye
86%
Heureux Libye
86%
Visité Tunisie
86%
Pop Ethiopie
81%
Grand Tchad
81%
Pacifique Senegal
75%
Capitale Le Caire
74%
Langues Francais
70%
Jetpunk Madagascar
70%
Langues Anglais
69%
PIB/capita Seychelles
69%
densément Seychelles
69%
Pacifique Île Maurice
67%
PIB/capita Île Maurice
67%
Heureux Île Maurice
67%
Langues Arabe
65%
densément Comoros
63%
Pacifique Namibie
63%
Heureux Somalie
63%
densément Maurice
61%
densément Rwanda
61%
PIB/capita Gabon
59%
Non-Capitale Lagos
57%
densément Burundi
56%
Visité Mozambique
55%
Pacifique Botswana
54%
PIB/capita Botswana
54%
Capitale Kinshasa
53%
PIB/capita Guinée Equatoriale
51%
Non-Capitale Johannesbourg
49%
Pacifique Malawi
49%
Rivières Nil (Blanc)
48%
Rivières Nil (Bleu)
48%
Non-Capitale Casablanca
40%
Capitale Addis Ababa
35%
Non-Capitale Alexandrie
33%
Capitale Nairobi
31%
Non-Capitale Dar es Salaam
23%
Rivières Zambèze
20%
Langues Haoussa
2%
Langues Chewa
1%
Aucun quiz correspondant
Distribution des résultats
% des personnes avec chaque résultat
Percentile par nombre de réponses
Votre historique - résultats
Vous n’avez pas pris ce quiz